Soldiers, spies, and statesmen : (Record no. 20876)
[ view plain ]
| 000 -LEADER | |
|---|---|
| fixed length control field | 01630cam a22003375a 4500 |
| 001 - CONTROL NUMBER | |
| control field | 17380250 |
| 005 - DATE AND TIME OF LATEST TRANSACTION | |
| control field | 20171010132746.0 |
| 008 - FIXED-LENGTH DATA ELEMENTS--GENERAL INFORMATION | |
| fixed length control field | 120705s2012 enk frb 001 0 eng d |
| 020 ## - INTERNATIONAL STANDARD BOOK NUMBER | |
| International Standard Book Number | 9781844679614 |
| 040 ## - CATALOGING SOURCE | |
| Original cataloging agency | IEN/DLC |
| Transcribing agency | IEN |
| Modifying agency | DLC |
| -- | EG-ScBUE |
| Language of cataloging | eng |
| 043 ## - GEOGRAPHIC AREA CODE | |
| Geographic area code | f-ua--- |
| 082 04 - DEWEY DECIMAL CLASSIFICATION NUMBER | |
| Classification number | 322.50962 |
| Item number | KAZ |
| Edition number | 22 |
| 100 1# - MAIN ENTRY--PERSONAL NAME | |
| Personal name | Kandil, Hazem. |
| 9 (RLIN) | 38457 |
| 245 10 - TITLE STATEMENT | |
| Title | Soldiers, spies, and statesmen : |
| Remainder of title | Egypt's road to revolt / |
| Statement of responsibility, etc | Hazem Kandil. |
| 260 ## - PUBLICATION, DISTRIBUTION, ETC. (IMPRINT) | |
| Place of publication, distribution, etc | London ; |
| -- | New York : |
| Name of publisher, distributor, etc | Verso, |
| Date of publication, distribution, etc | 2012. |
| 300 ## - PHYSICAL DESCRIPTION | |
| Extent | 303 p. ; |
| Dimensions | 24 cm. |
| 500 ## - GENERAL NOTE | |
| General note | Index : p. 293-303. |
| 504 ## - BIBLIOGRAPHY, ETC. NOTE | |
| Bibliography, etc | Bibliography : p. [273]-292. |
| 505 0# - FORMATTED CONTENTS NOTE | |
| Formatted contents note | Prelude : countdown to the July 1952 coup -- The dark side of militarism : the March 1954 crisis -- Two states within a state : the road to June 1967 -- Eradicating the centers of power : the corrective revolution of May 1971 -- Twilight of the generals : October 1973 and its discontents -- The long lull before the perfect storm : revolt in January 2011 -- On the threshold of power : the military after the revolt. |
| 650 #7 - SUBJECT ADDED ENTRY--TOPICAL TERM | |
| Topical term or geographic name as entry element | Civil-military relations |
| Geographic subdivision | Egypt. |
| Source of heading or term | BUEsh |
| 650 #7 - SUBJECT ADDED ENTRY--TOPICAL TERM | |
| Topical term or geographic name as entry element | Revolutions |
| Geographic subdivision | Egypt |
| General subdivision | History |
| Chronological subdivision | 20th century. |
| Source of heading or term | BUEsh |
| 650 #7 - SUBJECT ADDED ENTRY--TOPICAL TERM | |
| Topical term or geographic name as entry element | Revolutions |
| Geographic subdivision | Egypt |
| General subdivision | History |
| Chronological subdivision | 21st century. |
| Source of heading or term | BUEsh |
| 650 #7 - SUBJECT ADDED ENTRY--TOPICAL TERM | |
| Topical term or geographic name as entry element | Police power |
| Geographic subdivision | Egypt. |
| Source of heading or term | BUEsh |
| 651 #7 - SUBJECT ADDED ENTRY--GEOGRAPHIC NAME | |
| Geographic name | Egypt |
| General subdivision | Armed Forces |
| -- | Political activity. |
| Source of heading or term | BUEsh |
| 651 #7 - SUBJECT ADDED ENTRY--GEOGRAPHIC NAME | |
| Geographic name | Egypt |
| General subdivision | Politics and government |
| Chronological subdivision | 1952-1970. |
| Source of heading or term | BUEsh |
| 651 #0 - SUBJECT ADDED ENTRY--GEOGRAPHIC NAME | |
| Geographic name | Egypt |
| General subdivision | Politics and government |
| Chronological subdivision | 1970-1981. |
| Source of heading or term | BUEsh |
| 651 #7 - SUBJECT ADDED ENTRY--GEOGRAPHIC NAME | |
| Geographic name | Egypt |
| General subdivision | Politics and government |
| Chronological subdivision | 1981- |
| Source of heading or term | BUEsh |
| 653 ## - INDEX TERM--UNCONTROLLED | |
| Resource For college | BAEPS, Political Science |
| Arrived date list | October2015 |
| -- | October2017 |
| 655 ## - INDEX TERM--GENRE/FORM | |
| Form subdivision | Text book |
| -- | 33728 |
| 942 ## - ADDED ENTRY ELEMENTS (KOHA) | |
| Source of classification or shelving scheme | Dewey Decimal Classification |
| Call number prefix | 322.50962 KAZ |
| Withdrawn status | Item status | Source of classification or shelving scheme | Damaged status | Not for loan | Vendor | Home library | Current library | Shelving location | Date acquired | Source of acquisition | Total Checkouts | Total Renewals | Full call number | Barcode | Date last seen | Date last borrowed | Koha item type | Checked out | Cost, normal purchase price |
|---|---|---|---|---|---|---|---|---|---|---|---|---|---|---|---|---|---|---|---|
| Dewey Decimal Classification | Baccah | Central Library | Central Library | First floor | 01/10/2015 | Purchase | 1 | 12 | 322.50962 KAZ | 000030994 | 15/07/2025 | 20/03/2019 | Book - Borrowing | ||||||
| Dewey Decimal Classification | Baccah | Central Library | Central Library | First floor | 01/10/2015 | Purchase | 322.50962 KAZ | 000030995 | 15/07/2025 | Book - Borrowing | |||||||||
| Dewey Decimal Classification | Baccah | Central Library | Central Library | First floor | 01/10/2015 | Purchase | 3 | 47 | 322.50962 KAZ | 000030996 | 06/12/2025 | 06/12/2025 | Book - Borrowing | 21/05/2026 | |||||
| Dewey Decimal Classification | Baccah | Central Library | Central Library | First floor | 10/10/2017 | Purchase | 322.50962 KAZ | 000042087 | 15/07/2025 | NB - Book (Non borrowing) | 390.00 | ||||||||
| Dewey Decimal Classification | Baccah | Central Library | Central Library | First floor | 10/10/2017 | Purchase | 322.50962 KAZ | 000042088 | 15/07/2025 | NB - Book (Non borrowing) |